Experiencia y prevención del delito: un estudio comparado de Canadá y Venezuela. = Crime experience and prevention: a comparative study between Canada and Venezuela /

Enregistré dans:
Détails bibliographiques
Auteur principal: Birkbeck, Christopher
Format: Texte
Sujets:
Tags: Ajouter un tag
Pas de tags, Soyez le premier à ajouter un tag!

MARC

LEADER 00000 a a2200000 04500
001 2457
003
040
100 |a Birkbeck, Christopher  
245 |a Experiencia y prevención del delito: un estudio comparado de Canadá y Venezuela. =   |b Crime experience and prevention: a comparative study between Canada and Venezuela /  |c Christopher Birkbeck 
500 |a Resumen también en inglés  
650 |a PREVENCION DEL DELITO  
650 |a POLITICA SOCIAL  
650 |a DESARROLLO SOCIAL  
650 |a JUVENTUD  
650 |a CIENCIA Y TECNOLOGIA  
650 |a BUROCRACIA  
650 |a CANADA  
650 |a VENEZUELA  
650 |a PRODUCTO INTERNO BRUTO  
773 |g volumen 32, número 2; páginas 147-189  
999 |c 24790  |d 24790